[Event "XXVII OOM - Mistrzostwa Polski Juniorow Mlodszych - Chlopcy do lat 14"]
[Site "ApartHotel Termy Uniejow, ul. Termalna 1, 99-210 Uniejow"]
[Date "1899-12-30"]
[Round "5.10"]
[White "Maj, Samuel"]
[Black "Nowak, Filip"]
[Result "1-0"]
[WhiteTitle "I"]
[BlackTitle "I"]
[WhiteElo "1670"]
[BlackElo "1745"]

1. d4 d5 2. c4 c6 3. Nf3 Nf6 4. Qc2 g6 5. Bf4 Bg7 6. e3 O-O 7. Nc3 Bf5 8. Qb3 Qb6
9. h3 h5 10. Be2 Nbd7 11. O-O Rfe8 12. Rfc1 e6 13. Ne5 Nxe5 14. Bxe5 Ne4 15. Bxg7
Kxg7 16. Nxe4 dxc4 17. Qxb6 axb6 18. Nd6 Red8 19. Nxf5+ exf5 20. Bxc4 b5 21. Bb3
f4 22. Rc5 fxe3 23. fxe3 Re8 24. Rf1 Rxe3 25. Rxf7+ Kh6 26. Re5 Rd3 27. Rf6 Rxd4
28. Ree6 Rg8 29. Bc2 h4 30. Bxg6 1-0

[Event "XXVII OOM - Mistrzostwa Polski Juniorow Mlodszych - Chlopcy do lat 14"]
[Site "ApartHotel Termy Uniejow, ul. Termalna 1, 99-210 Uniejow"]
[Date "1899-12-30"]
[Round "5.11"]
[White "Kusiak, Mateusz"]
[Black "Musial, Igor"]
[Result "1/2-1/2"]
[WhiteTitle "I+"]
[BlackTitle "I"]
[WhiteElo "1634"]
[BlackElo "1903"]

1. e4 c5 2. Nf3 d6 3. c3 Nf6 4. h3 Nc6 5. Bd3 g6 6. Bc2 Bg7 7. O-O O-O 8. d4 b6
9. Bf4 Bb7 10. Re1 cxd4 11. Nxd4 Ne5 12. Nd2 Rc8 13. Bxe5 dxe5 14. N4f3 Qc7 15.
Qe2 Rfd8 16. Rad1 Nh5 17. g3 Qc5 18. Kg2 e6 19. Bb3 b5 20. Qe3 Qxe3 21. Rxe3 Rd6
22. Nb1 Rxd1 23. Bxd1 Rd8 24. Bc2 f6 25. Rd3 Rxd3 26. Bxd3 a6 27. Nfd2 Bf8 28.
b4 f5 29. f3 Nf6 30. Kf2 Kf7 31. Bc2 1/2-1/2

[Event "XXVII OOM - Mistrzostwa Polski Juniorow Mlodszych - Chlopcy do lat 14"]
[Site "ApartHotel Termy Uniejow, ul. Termalna 1, 99-210 Uniejow"]
[Date "1899-12-30"]
[Round "5.12"]
[White "Pancewicz, Szymon"]
[Black "Gbiorczyk, Mikolaj"]
[Result "1-0"]
[WhiteTitle "I+"]
[BlackTitle "II"]
[WhiteElo "1872"]
[BlackElo "1467"]

1. e4 c5 2. Nf3 g6 3. d4 cxd4 4. Nxd4 Nc6 5. c4 Nf6 6. Nc3 Nxd4 7. Qxd4 d6 8. Be2
Bg7 9. Be3 O-O 10. Qd2 a5 11. O-O a4 12. Rad1 Qa5 13. Bd4 Be6 14. f4 Rfc8 15.
b3 axb3 16. axb3 Qb4 17. f5 Bd7 18. Bxf6 Bxf6 19. Nd5 Qxb3 20. fxg6 hxg6 21. Rxf6
exf6 22. Qh6 1-0

[Event "XXVII OOM - Mistrzostwa Polski Juniorow Mlodszych - Chlopcy do lat 14"]
[Site "ApartHotel Termy Uniejow, ul. Termalna 1, 99-210 Uniejow"]
[Date "1899-12-30"]
[Round "5.13"]
[White "Wydmanski, Szymon"]
[Black "Grzadka, Artur"]
[Result "0-1"]
[WhiteTitle "I"]
[BlackTitle "I"]
[WhiteElo "1697"]
[BlackElo "1536"]

1. e4 c6 2. Nc3 d5 3. Nf3 Bg4 4. h3 Bxf3 5. Qxf3 e6 6. d4 Nf6 7. Bd3 dxe4 8. Nxe4
Qxd4 9. Be3 Qd5 10. Nxf6+ gxf6 11. Qxf6 Rg8 12. Rd1 Bg7 13. Qh4 Nd7 14. c3 Bf6
15. Qxh7 Qxg2 16. Be4 Qg7 17. Qh5 Ne5 18. Ke2 Rh8 19. Rhg1 Rxh5 0-1

[Event "XXVII OOM - Mistrzostwa Polski Juniorow Mlodszych - Chlopcy do lat 14"]
[Site "ApartHotel Termy Uniejow, ul. Termalna 1, 99-210 Uniejow"]
[Date "1899-12-30"]
[Round "5.14"]
[White "Partyka, Wiktor"]
[Black "Grzebieniowski, Michal"]
[Result "0-1"]
[WhiteTitle "II"]
[BlackTitle "I"]
[WhiteElo "1254"]
[BlackElo "1663"]

1. c4 c6 2. Nc3 d5 3. d4 Nf6 4. g3 dxc4 5. Bg2 e6 6. e4 b5 7. Nge2 Bb7 8. O-O Be7
9. Be3 O-O 10. Rc1 Na6 11. a3 Nc7 12. f4 Qd7 13. f5 exf5 14. Rxf5 Rad8 15. Qe1
Ne6 16. Rd1 a6 17. Bh3 Qc7 18. Qf2 Bc8 19. d5 cxd5 20. exd5 Nc5 21. d6 Bxd6 22.
Rxf6 Nd3 23. Qf3 Bxh3 24. Nd5 Qd7 25. Nc1 Bg4 26. Rxd6 Bxf3 27. Rxd7 Rxd7 28.
Nxd3 cxd3 29. Nb6 Bxd1 30. Nxd7 Re8 31. Bf4 Bg4 32. Nc5 Re1+ 33. Kf2 Re2+ 34.
Kf1 d2 35. Bxd2 Rxd2 36. Nxa6 Rxb2 37. Nc7 Be2+ 38. Ke1 Bc4 39. Na8 Ra2 40. Nb6
Rxa3 0-1

[Event "XXVII OOM - Mistrzostwa Polski Juniorow Mlodszych - Chlopcy do lat 14"]
[Site "ApartHotel Termy Uniejow, ul. Termalna 1, 99-210 Uniejow"]
[Date "1899-12-30"]
[Round "5.15"]
[White "Malinowski, Szymon"]
[Black "Duda, Szymon"]
[Result "1/2-1/2"]
[WhiteTitle "I"]
[BlackTitle "I"]
[WhiteElo "1662"]
[BlackElo "1413"]

1. d4 Nf6 2. Nf3 g6 3. Bg5 Bg7 4. Nbd2 d5 5. e3 O-O 6. Bd3 c5 7. c3 Nc6 8. O-O
Qb6 9. Rb1 Nd7 10. b4 c4 11. Bc2 e5 12. e4 exd4 13. exd5 d3 14. Ba4 Nce5 15. Be7
Re8 16. Bc5 Nxf3+ 17. Nxf3 Qa6 18. b5 Qf6 19. Bd4 Qd6 20. b6 axb6 21. Bb5 Qxd5
22. Rb4 Bf8 23. Bxc4 Qc6 24. Bb5 Qd5 25. Rb1 Rd8 26. Qxd3 Nc5 27. Qe3 Bf5 28.
Rbe1 Bg7 29. Ne5 Ne6 30. Bc4 Qd6 31. h3 Rf8 32. Rd1 Nxd4 33. cxd4 Rad8 34. Nf3
Rfe8 35. Qb3 Be6 36. d5 Bf5 37. Rfe1 Bd7 38. Rb1 Rc8 39. Bb5 Red8 40. Bxd7 Rxd7
41. Red1 Ra8 42. Qe3 Qc5 43. Rxb6 Rxd5 44. Qxc5 Rxc5 45. Rxb7 Rca5 46. Rdd7 Rf8
47. Ra7 Ra8 48. Rd8+ Rxd8 49. Rxa5 Bd4 50. Nxd4 Rxd4 51. Ra8+ Kg7 52. Kh2 Rd3
53. f3 Rd2 54. Kg3 h5 55. h4 Kf6 56. a4 Ra2 57. a5 Ra4 58. a6 Kg7 59. a7 Kh7 60.
Kf2 Ra3 61. Ke2 Kg7 62. Kd2 Kh7 63. Kc2 Kg7 64. Kb2 Ra5 65. Kb3 Ra1 66. Kb4 Rb1+
67. Kc5 Rc1+ 68. Kd6 Rd1+ 69. Ke5 Ra1 70. g4 Ra5+ 71. Kf4 Ra4+ 72. Kg3 Ra3 73.
gxh5 gxh5 74. Kf4 Ra4+ 1/2-1/2

[Event "XXVII OOM - Mistrzostwa Polski Juniorow Mlodszych - Chlopcy do lat 14"]
[Site "ApartHotel Termy Uniejow, ul. Termalna 1, 99-210 Uniejow"]
[Date "1899-12-30"]
[Round "5.16"]
[White "Klim, Filip"]
[Black "Stanislawski, Karol"]
[Result "0-1"]
[WhiteTitle "I++"]
[BlackTitle "I"]
[WhiteElo "2062"]
[BlackElo "1621"]

1. e4 c5 2. Nf3 Nc6 3. d4 cxd4 4. Nxd4 Nf6 5. Nc3 e5 6. Ndb5 d6 7. Bg5 a6 8. Na3
b5 9. Nd5 Be7 10. Bxf6 Bxf6 11. c3 O-O 12. Nc2 Bg5 13. a4 bxa4 14. Rxa4 a5 15.
Bc4 Rb8 16. b3 Kh8 17. Nce3 g6 18. h4 Bxh4 19. g3 Bf6 20. f4 exf4 21. gxf4 Re8
22. Qf3 Bg7 23. Ra2 Be6 24. Rah2 h6 25. f5 Bxd5 26. Rxh6+ Bxh6 27. Rxh6+ Kg7 28.
Nxd5 Kxh6 29. f6 Re5 30. Ne3 Kh7 31. Bxf7 Qf8 32. Ng4 Qxf7 33. Qh3+ Rh5 0-1

[Event "XXVII OOM - Mistrzostwa Polski Juniorow Mlodszych - Chlopcy do lat 14"]
[Site "ApartHotel Termy Uniejow, ul. Termalna 1, 99-210 Uniejow"]
[Date "1899-12-30"]
[Round "5.17"]
[White "Grot, Blazej"]
[Black "Borowik, Karol"]
[Result "1/2-1/2"]
[WhiteTitle "CM"]
[BlackTitle "II"]
[WhiteElo "1786"]
[BlackElo "1370"]

1. e4 c5 2. Nf3 g6 3. d4 cxd4 4. Nxd4 Nc6 5. c4 Nf6 6. Nc3 d6 7. Be2 Bg7 8. Be3
O-O 9. O-O Bd7 10. Rc1 a6 11. f3 Qa5 12. Qd2 Rfc8 13. Nb3 Qh5 14. Na4 Rd8 15.
Nb6 Rab8 16. Nd5 Rdc8 17. Nb6 Rd8 18. Nxd7 Nxd7 19. f4 Qh4 20. f5 Be5 21. Bf4
g5 22. g3 Qh6 23. Bxg5 Qg7 24. Rc2 Nc5 25. Bh6 Qf6 26. Bg5 Qg7 27. Bh6 Qf6 28.
Bg5 Qg7 29. Bh6 1/2-1/2

[Event "XXVII OOM - Mistrzostwa Polski Juniorow Mlodszych - Chlopcy do lat 14"]
[Site "ApartHotel Termy Uniejow, ul. Termalna 1, 99-210 Uniejow"]
[Date "1899-12-30"]
[Round "5.18"]
[White "Kubik, Rafal"]
[Black "Pieczulis, Hubert"]
[Result "0-1"]
[WhiteTitle "I"]
[BlackTitle "I"]
[WhiteElo "1738"]
[BlackElo "1445"]

1. e4 c6 2. Nf3 d5 3. Nc3 e6 4. d4 Nf6 5. e5 Nfd7 6. Ne2 c5 7. c3 Nc6 8. a3 a6
9. g3 b5 10. Bg2 cxd4 11. cxd4 Bb7 12. O-O Rc8 13. Ne1 a5 14. f4 g6 15. Nf3 Ba6
16. g4 h5 17. h3 b4 18. Rf2 hxg4 19. hxg4 Be7 20. Bf1 f5 21. exf6 Nxf6 22. Rg2
Ne4 23. axb4 Bxb4 24. Be3 Rh3 25. Rh2 Rxh2 26. Kxh2 Qf6 27. Bh3 g5 28. f5 exf5
29. gxf5 Kf7 30. Bg4 Rh8+ 31. Kg2 Qd6 32. Bf2 Bxe2 33. Qxe2 Qf4 34. Bh5+ Rxh5
35. Ne5+ Kg7 36. f6+ Qxf6 37. Nxc6 Qf4 38. Nxb4 Rh2+ 39. Kg1 Rxf2 40. Qd3 Qh2#
0-1

[Event "XXVII OOM - Mistrzostwa Polski Juniorow Mlodszych - Chlopcy do lat 14"]
[Site "ApartHotel Termy Uniejow, ul. Termalna 1, 99-210 Uniejow"]
[Date "1899-12-30"]
[Round "5.19"]
[White "Trzebinski, Patryk"]
[Black "Rylski, Tadeusz"]
[Result "1-0"]
[WhiteTitle "I+"]
[BlackTitle "I"]
[WhiteElo "1609"]
[BlackElo "1644"]

1. e4 c6 2. d4 d5 3. exd5 cxd5 4. c4 Nf6 5. Nc3 Nc6 6. cxd5 Nxd5 7. Bb5 Nxc3 8.
bxc3 Qd5 9. Bxc6+ bxc6 10. Qf3 Ba6 11. Qxd5 cxd5 12. Ba3 g6 13. Kd2 Bh6+ 14. Kc2
Rb8 15. Bb4 Bc8 16. Nf3 Bf5+ 17. Kd1 Bg4 18. h3 Bxf3+ 19. gxf3 Kd7 20. Kc2 e6
21. Rab1 a6 22. Rb3 Rb7 23. Rhb1 Rhb8 24. Bc5 Rb5 25. Rb4 Kc6 26. a4 Rxb4 27.
cxb4 Bf4 28. Kb3 Bd2 29. Ka3 Rb7 30. Rd1 Bf4 31. Rd3 f6 32. Rc3 Kd7 33. a5 e5
34. Ka4 exd4 35. Bxd4 Be5 36. Rd3 Bxd4 37. Rxd4 Kd6 38. f4 Rb8 39. Kb3 g5 40.
fxg5 fxg5 41. h4 Ke5 42. Rg4 gxh4 43. Rxh4 Rd8 44. Rxh7 d4 45. Kc2 Rf8 46. Re7+
Kd5 47. Kd3 Rf3+ 48. Ke2 Rb3 49. Ra7 Rxb4 50. Rxa6 Ra4 51. Ra8 Ke4 52. f3+ Kf4
53. a6 Ra2+ 54. Kd3 Kxf3 55. a7 Ra3+ 56. Kxd4 Ra4+ 57. Kc5 1-0

[Event "XXVII OOM - Mistrzostwa Polski Juniorow Mlodszych - Chlopcy do lat 14"]
[Site "ApartHotel Termy Uniejow, ul. Termalna 1, 99-210 Uniejow"]
[Date "1899-12-30"]
[Round "5.20"]
[White "Ugorek, Kacper"]
[Black "Jaworski, Tymon"]
[Result "0-1"]
[WhiteTitle "I"]
[BlackTitle "I"]
[WhiteElo "1569"]
[BlackElo "1616"]

1. e4 e5 2. Nf3 Nc6 3. Bb5 a6 4. Ba4 Nf6 5. O-O Be7 6. Re1 b5 7. Bb3 d6 8. c3 O-O
9. h3 Bb7 10. d4 Re8 11. Nbd2 Bf8 12. a3 h6 13. Bc2 exd4 14. cxd4 Na5 15. Qe2
c5 16. e5 cxd4 17. Qd3 dxe5 18. Rxe5 Rxe5 19. Nxe5 g6 20. b4 Qd5 21. Ndf3 Nc4
22. Nxc4 bxc4 23. Qxd4 Bg7 24. Bb2 Qc6 25. Qd1 c3 26. Bc1 Ne4 27. Ra2 Qc7 28.
Qe2 Re8 29. Be3 Qc6 30. Qd3 Bf6 31. Bb3 Rd8 32. Qe2 Ng5 33. Bxg5 hxg5 34. a4 Qb6
35. b5 axb5 36. axb5 Kg7 37. Nh2 Bd5 38. Ra6 Qc5 39. Bxd5 Qxd5 40. Rc6 Qd1+ 41.
Qxd1 Rxd1+ 42. Nf1 Rb1 43. b6 Bd4 44. Rc4 Be5 45. Rc5 Kf6 46. Rc6+ Ke7 47. g3
Kd7 48. Rc5 Kd6 49. Rc8 Bd4 50. Kg2 Rxb6 51. Kf3 Rc6 52. Rxc6+ Kxc6 53. Ke2 Kc5
54. Kd3 Kb4 55. Kc2 Bxf2 56. g4 Kc4 57. Nh2 f6 58. Nf3 Bg3 59. Ng1 Bf4 60. Ne2
Be5 61. Ng1 Kd4 62. h4 gxh4 63. Nf3+ Ke4 64. Nxh4 g5 65. Nf5 Kf4 66. Nh6 f5 67.
gxf5 g4 68. Ng8 Kg5 69. Ne7 g3 70. Nc6 Bf6 71. Kd3 g2 72. Nd4 Bxd4 73. f6 Bxf6
74. Ke4 g1=Q 75. Kf3 Qg4+ 76. Ke3 Qd4+ 77. Kf3 c2 78. Kg2 c1=Q 79. Kh3 Qcc3+ 80.
Kg2 Qdd2+ 81. Kh1 Qcc1# 0-1

[Event "XXVII OOM - Mistrzostwa Polski Juniorow Mlodszych - Chlopcy do lat 14"]
[Site "ApartHotel Termy Uniejow, ul. Termalna 1, 99-210 Uniejow"]
[Date "1899-12-30"]
[Round "5.21"]
[White "Sniadecki, Oskar"]
[Black "Wieckowski, Michal"]
[Result "1/2-1/2"]
[WhiteTitle "I"]
[BlackTitle "I"]
[WhiteElo "1488"]
[BlackElo "1614"]

1. d4 f5 2. c4 Nf6 3. Nc3 g6 4. Bf4 Bg7 5. Nf3 O-O 6. e3 d6 7. Be2 Qe8 8. Qb3 h6
9. Nd5 Nxd5 10. cxd5 Kh8 11. Rc1 c6 12. dxc6 bxc6 13. d5 c5 14. h4 a5 15. Qc2
Na6 16. Qd2 Nc7 17. O-O Qd7 18. Rc2 Bb7 19. Bc4 Ne8 20. Qd3 Nf6 21. Nd2 Qe8 22.
f3 Nh5 23. Bh2 Bc8 24. f4 Nf6 25. b3 Qf7 26. Nf3 Bb7 27. Rd1 Ra7 28. Bg3 Ne4 29.
Be1 Kh7 30. Nd2 Nf6 31. Nf3 Ne4 32. Nd2 1/2-1/2

[Event "XXVII OOM - Mistrzostwa Polski Juniorow Mlodszych - Chlopcy do lat 14"]
[Site "ApartHotel Termy Uniejow, ul. Termalna 1, 99-210 Uniejow"]
[Date "1899-12-30"]
[Round "5.22"]
[White "Miler, Franciszek"]
[Black "Zieba, Hubert"]
[Result "1-0"]
[WhiteTitle "I"]
[BlackTitle "I"]
[WhiteElo "1517"]
[BlackElo "1417"]

1. e4 c5 2. Nf3 Nc6 3. d4 cxd4 4. Nxd4 g6 5. c4 Nf6 6. Nc3 Nxd4 7. Qxd4 d6 8. f3
Bg7 9. Be3 O-O 10. Qd2 Be6 11. Rc1 Qa5 12. Bd3 Rfc8 13. b3 a6 14. Ne2 Qxd2+ 15.
Kxd2 Nd7 16. Nf4 Nc5 17. Be2 Kf8 18. h4 a5 19. g4 h6 20. g5 h5 21. Rc2 Na6 22.
Nxe6+ fxe6 23. a3 Nc5 24. Rb1 a4 25. b4 Nb3+ 26. Kd3 Rd8 27. Bb6 Rd7 28. Ke3 e5
29. Bf1 Nd4 30. Rf2 e6 31. f4 Rf7 32. Bxd4 exd4+ 33. Kd3 Be5 34. Bh3 Rxf4 35.
Rxf4+ Bxf4 36. Bxe6 Ke7 37. Bd5 Rf8 38. c5 Bg3 39. Kxd4 Rf3 40. Bxb7 dxc5+ 41.
bxc5 Rxa3 42. Bd5 Bxh4 43. Rb7+ Kd8 44. c6 Bf2+ 45. Kc4 Bg3 46. Rd7+ Kc8 47. Be6
Rb3 48. Ra7+ Kd8 49. Rxa4 Re3 50. Kc5 Rc3+ 51. Kb6 Rc2 52. Bc4 Bf2+ 53. Ka6 Kc7
54. Bd5 Rb2 55. Ra1 Bd4 56. Rf1 Rf2 57. Rb1 Rb2 58. Rd1 Bc3 59. Rf1 Rb6+ 60. Ka7
Bd4 61. Rf7+ Kd6 62. Rd7+ Ke5 63. c7 Rd6+ 64. Kb8 Ba7+ 65. Ka8 Rxd7 66. c8=Q Re7
67. Qh8+ Kd6 68. Qf6+ 1-0

[Event "XXVII OOM - Mistrzostwa Polski Juniorow Mlodszych - Chlopcy do lat 14"]
[Site "ApartHotel Termy Uniejow, ul. Termalna 1, 99-210 Uniejow"]
[Date "1899-12-30"]
[Round "5.23"]
[White "Leszcz, Mateusz"]
[Black "Nagly, Wojciech"]
[Result "0-1"]
[WhiteTitle "II"]
[BlackTitle "II"]
[WhiteElo "1386"]
[BlackElo "1514"]

1. e4 c5 2. c3 Nf6 3. e5 Nd5 4. d4 cxd4 5. cxd4 Nc6 6. Nf3 d6 7. Bc4 Be6 8. O-O
Ne3 9. Bxe3 Bxc4 10. Re1 e6 11. Nc3 d5 12. a3 Qb6 13. b4 a5 14. Na4 Qc7 15. bxa5
Qxa5 16. Nb2 Bxa3 17. Nxc4 dxc4 18. Qc2 b5 19. Bd2 Qa4 20. Qc3 O-O 21. Bc1 Bb4
22. Rxa4 Bxc3 23. Rxa8 Rxa8 24. Rd1 Ra1 25. Kf1 Bb2 26. Ke2 Rxc1 27. Rd2 Bc3 28.
Ra2 g6 29. Ra8+ Kg7 30. Rc8 Nxd4+ 31. Nxd4 Bxd4 32. Rb8 Rc2+ 33. Kd1 Rxf2 34.
Rxb5 c3 35. Rb4 c2+ 0-1

[Event "XXVII OOM - Mistrzostwa Polski Juniorow Mlodszych - Chlopcy do lat 14"]
[Site "ApartHotel Termy Uniejow, ul. Termalna 1, 99-210 Uniejow"]
[Date "1899-12-30"]
[Round "5.24"]
[White "Jendrowiak, Maciej"]
[Black "Turowski, Maciej"]
[Result "0-1"]
[WhiteTitle "II+"]
[BlackTitle "II"]
[WhiteElo "1472"]
[BlackElo "1447"]

1. e4 d5 2. exd5 Qxd5 3. Nc3 Qd6 4. d4 Nf6 5. Nf3 a6 6. Be3 Nc6 7. Qd2 Bg4 8. Be2
Bxf3 9. Bxf3 O-O-O 10. O-O-O e6 11. Rhe1 Be7 12. Ne4 Nxe4 13. Bxe4 Nb4 14. Kb1
Nd5 15. c4 Nf6 16. Bf3 Qb6 17. c5 Qb5 18. Rc1 Nd5 19. Be2 Qc6 20. Qa5 Kb8 21.
b4 Nxe3 22. fxe3 Qe4+ 23. Rc2 Qxe3 24. Rd1 Rxd4 25. Rxd4 Qxd4 26. c6 Bf6 27. Kc1
Rd8 28. Rc4 Qb2# 0-1

[Event "XXVII OOM - Mistrzostwa Polski Juniorow Mlodszych - Chlopcy do lat 14"]
[Site "ApartHotel Termy Uniejow, ul. Termalna 1, 99-210 Uniejow"]
[Date "1899-12-30"]
[Round "5.25"]
[White "Wasilewski, Stanislaw"]
[Black "Urban, Szymon"]
[Result "0-1"]
[WhiteTitle "II"]
[BlackTitle "II"]
[WhiteElo "1319"]
[BlackElo "1312"]

1. Nf3 d5 2. c4 e6 3. Nc3 Nf6 4. g3 c5 5. Bg2 Nc6 6. d3 h6 7. O-O Be7 8. Bd2 O-O
9. a3 b6 10. Qc2 Bb7 11. e3 Qd7 12. cxd5 exd5 13. d4 cxd4 14. exd4 Rac8 15. Rac1
Rfe8 16. Rfe1 Bd6 17. Qd3 Re7 18. Rxe7 Nxe7 19. Re1 Ne4 20. Nh4 Nxd2 21. Qxd2
b5 22. Qe3 a6 23. Nf3 Qc7 24. Ne5 Bxe5 25. Qxe5 Qxe5 26. Rxe5 Kf8 27. Nxd5 Rc1+
28. Bf1 Bxd5 29. f4 Bc4 30. d5 Rxf1+ 31. Kg2 Rd1 32. d6 Rxd6 33. Rc5 Rc6 34. Re5
Bd5+ 35. Kg1 Rc1+ 36. Kf2 Rc2+ 37. Ke3 Rxb2 0-1

[Event "XXVII OOM - Mistrzostwa Polski Juniorow Mlodszych - Chlopcy do lat 14"]
[Site "ApartHotel Termy Uniejow, ul. Termalna 1, 99-210 Uniejow"]
[Date "1899-12-30"]
[Round "5.26"]
[White "Garwacki, Kornel"]
[Black "Borowik, Wojciech"]
[Result "0-1"]
[WhiteTitle "I"]
[BlackTitle "I+"]
[WhiteElo "1478"]
[BlackElo "1736"]

1. e4 c5 2. Nf3 g6 3. d4 cxd4 4. Nxd4 Nc6 5. Nc3 Bg7 6. Be3 Nf6 7. Bc4 Qa5 8. Nxc6
bxc6 9. O-O Qb4 10. Qd3 Ng4 11. Bd4 Ne5 12. Bxe5 Bxe5 13. f4 Bg7 14. Bb3 a5 15.
Rfd1 a4 16. Nxa4 Rxa4 17. Bxa4 Qxa4 18. c3 O-O 19. b3 Qa7+ 20. Kh1 d6 21. a4 Ba6
22. Qc2 Qe3 23. Rac1 Qxf4 24. c4 c5 25. Rb1 Rb8 26. Rf1 Qe5 27. Rf3 Bb7 28. Qf2
Bxe4 29. Re1 f5 30. Rh3 h6 31. Rg3 Kh7 32. h4 Qd4 33. Ree3 Rxb3 34. h5 g5 35.
Rh3 Qd1+ 36. Re1 Rxh3+ 0-1

[Event "XXVII OOM - Mistrzostwa Polski Juniorow Mlodszych - Chlopcy do lat 14"]
[Site "ApartHotel Termy Uniejow, ul. Termalna 1, 99-210 Uniejow"]
[Date "1899-12-30"]
[Round "6.1"]
[White "Madej, Marek"]
[Black "Klimkowski, Jan"]
[Result "0-1"]
[WhiteTitle "I"]
[BlackTitle "FM"]
[WhiteElo "1786"]
[BlackElo "2322"]

1. e4 c5 2. Nf3 d6 3. d4 cxd4 4. Nxd4 Nf6 5. Nc3 a6 6. Bg5 Nbd7 7. f4 e6 8. Qf3
Be7 9. O-O-O Qc7 10. g4 b5 11. Bxf6 Nxf6 12. g5 Nd7 13. f5 O-O 14. Rg1 b4 15.
Nce2 e5 16. f6 exd4 17. fxe7 Re8 18. Nxd4 Ne5 19. Qb3 Rb8 20. h4 Rxe7 21. Nf5
Re8 22. Kb1 Be6 23. Qg3 Rec8 24. Rg2 Qa5 25. Ne7+ Kf8 26. Nd5 Rc5 27. Rgd2 Qa4
28. Qb3 Qxb3 29. axb3 Nf3 30. Rf2 Nxh4 31. Bxa6 Bxd5 32. exd5 Ng6 33. Rd4 Ne5
34. Be2 Rbc8 35. Ba6 Ra8 36. Be2 Rca5 37. Kc1 Ra1+ 38. Kd2 Rg1 39. Rh2 Rxg5 40.
Rxh7 Ng6 41. Rh5 Rg2 42. Re4 Re8 43. Rxe8+ Kxe8 44. Rf5 Ne5 45. Rf4 g5 46. Rxb4
f5 47. Rb6 Ke7 48. Rb7+ Kf6 49. Rb6 f4 50. Rxd6+ Kf5 51. Ke1 f3 52. Bd3+ Nxd3+
53. cxd3 g4 54. Rd8 Re2+ 55. Kf1 g3 56. Rf8+ Kg4 57. Rg8+ Kf4 58. Rf8+ Ke5 0-1

[Event "XXVII OOM - Mistrzostwa Polski Juniorow Mlodszych - Chlopcy do lat 14"]
[Site "ApartHotel Termy Uniejow, ul. Termalna 1, 99-210 Uniejow"]
[Date "1899-12-30"]
[Round "6.2"]
[White "Fiszer, Bartosz"]
[Black "Janeczko, Jakub"]
[Result "1-0"]
[WhiteTitle "CM"]
[BlackTitle "I++"]
[WhiteElo "2216"]
[BlackElo "1976"]

1. e4 c5 2. Nf3 Nc6 3. d4 cxd4 4. Nxd4 e5 5. Nb5 d6 6. N1c3 a6 7. Na3 Be6 8. Nc4
Rb8 9. a4 b5 10. axb5 axb5 11. Ne3 Nd4 12. Ncd5 Nf6 13. c3 Nc6 14. Qb3 b4 15.
Qa4 Bd7 16. Bb5 Qc8 17. Nxf6+ gxf6 18. Nd5 Be7 19. O-O Rg8 20. g3 bxc3 21. bxc3
Nd8 22. Bxd7+ 1-0

[Event "XXVII OOM - Mistrzostwa Polski Juniorow Mlodszych - Chlopcy do lat 14"]
[Site "ApartHotel Termy Uniejow, ul. Termalna 1, 99-210 Uniejow"]
[Date "1899-12-30"]
[Round "6.3"]
[White "Malek, Jan"]
[Black "Herwy, Jakub"]
[Result "1/2-1/2"]
[WhiteTitle "I++"]
[BlackTitle "I+"]
[WhiteElo "2097"]
[BlackElo "1916"]

1. e4 c5 2. c3 Nf6 3. e5 Nd5 4. Bc4 Nb6 5. Bb3 d6 6. exd6 Qxd6 7. Nf3 Nc6 8. O-O
g6 9. d4 cxd4 10. cxd4 Bg7 11. Nc3 O-O 12. Be3 Bg4 13. h3 Bxf3 14. Qxf3 Nxd4 15.
Bxd4 Qxd4 16. Qxb7 Qd7 17. Qf3 Rac8 18. Rac1 e6 19. Rfd1 Qc6 20. Qe2 Rfd8 21.
Qa6 Rxd1+ 22. Rxd1 Bxc3 23. bxc3 Rc7 24. Rd3 Qe4 25. Qb5 Rxc3 26. Rxc3 Qe1+ 27.
Kh2 Qxc3 28. Qe8+ Kg7 29. Qb8 Nc8 30. Qb7 Qc5 31. Kg1 Ne7 32. g3 Nd5 33. Kg2 h5
34. h4 Qd4 35. Kg1 a5 36. Qa6 Qa1+ 37. Kg2 Qe5 38. Qa7 Nf6 39. Kg1 Ng4 40. Kg2
Nh6 41. Qa6 Nf5 42. Qd3 Nd6 43. Qa6 Nf5 44. Qd3 Nd4 45. Bc4 Qc5 46. Kg1 e5 47.
Bb3 Qc6 48. Qe3 Qd6 49. Qe4 Qc7 50. Qd5 Ne6 51. Qe4 Nc5 52. Qc4 Qe7 53. Qb5 Qa7
54. Bd5 1/2-1/2

[Event "XXVII OOM - Mistrzostwa Polski Juniorow Mlodszych - Chlopcy do lat 14"]
[Site "ApartHotel Termy Uniejow, ul. Termalna 1, 99-210 Uniejow"]
[Date "1899-12-30"]
[Round "6.4"]
[White "Rog, Bartlomiej"]
[Black "Demski, Michal"]
[Result "1/2-1/2"]
[WhiteTitle "I++"]
[BlackTitle "I+"]
[WhiteElo "1867"]
[BlackElo "1768"]

1. e4 c6 2. Nc3 d5 3. Nf3 a6 4. d4 Bg4 5. h3 Bxf3 6. Qxf3 e6 7. Bd3 Nf6 8. O-O
Be7 9. Qg3 dxe4 10. Nxe4 Nxe4 11. Bxe4 Qxd4 12. Bd3 Bd6 13. Qf3 Nd7 14. Be3 Qf6
15. Qe2 Bf4 16. Rfd1 Bxe3 17. Qxe3 Qe5 18. Qf3 Nf6 19. b4 Nd5 20. a3 Qf4 21. Be4
Qxf3 22. Bxf3 Ke7 23. c4 Nc7 24. a4 Rhd8 25. b5 Rxd1+ 26. Rxd1 axb5 27. axb5 cxb5
28. cxb5 Nxb5 29. Bxb7 Ra7 30. Bc6 Nd6 31. Rd2 Rc7 32. Bf3 Nf5 33. Be4 Rc4 34.
Bxf5 exf5 35. g3 g5 36. Rd5 Kf6 37. Rd6+ Kg7 38. Rd5 Kg6 39. Kg2 h5 40. Rd8 f6
41. Rg8+ Kf7 42. Rh8 Kg6 43. Rg8+ Kh7 44. Ra8 Rc7 45. h4 g4 46. Ra4 Kg6 47. Rb4
Re7 48. Rb3 Re4 49. f4 Re2+ 50. Kf1 Ra2 51. Rb7 1/2-1/2

[Event "XXVII OOM - Mistrzostwa Polski Juniorow Mlodszych - Chlopcy do lat 14"]
[Site "ApartHotel Termy Uniejow, ul. Termalna 1, 99-210 Uniejow"]
[Date "1899-12-30"]
[Round "6.5"]
[White "Maslanka, Wojciech"]
[Black "Kejna, Piotr"]
[Result "1-0"]
[WhiteTitle "I"]
[BlackTitle "CM"]
[WhiteElo "1943"]
[BlackElo "1682"]

1. e4 e6 2. d4 d5 3. Nd2 Nf6 4. e5 Nfd7 5. Bd3 c5 6. c3 Nc6 7. Ndf3 Be7 8. Ne2
g5 9. Be3 h6 10. O-O c4 11. Bc2 Qc7 12. Nd2 f5 13. exf6 Nxf6 14. Bg6+ Kd8 15.
Ng3 Bd6 16. b3 Ne7 17. Bc2 cxb3 18. Bxb3 Qxc3 19. Rc1 Qb4 20. Nf3 Bd7 21. Ne5
Rf8 22. f4 gxf4 23. Rxf4 Neg8 24. Rc2 a5 25. Rcf2 a4 26. Bc2 Kc7 27. Bd2 Qb6 28.
Kh1 Bc6 29. Qf1 Bb5 30. Qc1 Bc6 31. Qf1 Bb5 32. Qd1 Bxe5 33. dxe5 Nd7 34. Rxf8
Nxf8 35. Rf7+ Nd7 36. Bb4 Qe3 37. Bd6+ Kb6 38. Rf3 Qg5 39. Qd4+ Ka5 40. Bd1 Qc1
41. Rc3 Nb6 42. Rb3 Qb1 1-0

[Event "XXVII OOM - Mistrzostwa Polski Juniorow Mlodszych - Chlopcy do lat 14"]
[Site "ApartHotel Termy Uniejow, ul. Termalna 1, 99-210 Uniejow"]
[Date "1899-12-30"]
[Round "6.6"]
[White "Zalega, Maciej"]
[Black "Maj, Samuel"]
[Result "1/2-1/2"]
[WhiteTitle "I"]
[BlackTitle "I"]
[WhiteElo "1841"]
[BlackElo "1670"]

1. e4 c5 2. Nf3 d6 3. d4 cxd4 4. Nxd4 Nf6 5. Nc3 a6 6. f3 e5 7. Nb3 Be7 8. Be3
Be6 9. Qd2 O-O 10. O-O-O Nbd7 11. g4 Qc7 12. Kb1 b5 13. g5 Nh5 14. Ne2 Rfc8 15.
Ng3 Nf4 16. h4 Nb6 17. Bxf4 exf4 18. Nf5 Bxf5 19. exf5 Nc4 20. Bxc4 bxc4 21. Nc1
c3 22. Qxc3 Qxc3 23. bxc3 Rab8+ 24. Nb3 Rxc3 25. Rhe1 Bf8 26. Rd3 Rxd3 27. cxd3
Rb5 28. Re4 Rxf5 29. Nd4 Rc5 30. Ne2 Rb5+ 31. Kc2 d5 32. Rxf4 Ba3 33. Ra4 Rb2+
34. Kd1 Rxa2 35. Rxa6 Ra1+ 36. Kc2 Ra2+ 37. Kb3 Rxe2 38. Rxa3 Kf8 39. Ra5 Re3
40. Rxd5 Rxf3 41. Rd4 Ke7 42. Kc4 f6 43. gxf6+ Rxf6 44. Rg4 g6 45. Kc5 Kd7 46.
d4 Rc6+ 47. Kd5 Rd6+ 48. Ke4 Re6+ 49. Kd3 Rf6 50. Rg5 Rf3+ 51. Ke4 1/2-1/2

[Event "XXVII OOM - Mistrzostwa Polski Juniorow Mlodszych - Chlopcy do lat 14"]
[Site "ApartHotel Termy Uniejow, ul. Termalna 1, 99-210 Uniejow"]
[Date "1899-12-30"]
[Round "6.7"]
[White "Paszkowski, Krystian"]
[Black "Meers, Hubert"]
[Result "1/2-1/2"]
[WhiteTitle "I+"]
[BlackTitle "k"]
[WhiteElo "1782"]
[BlackElo "2037"]

1. c4 e6 2. Nf3 Nf6 3. g3 d5 4. b3 Be7 5. Bg2 O-O 6. O-O b6 7. Bb2 Bb7 8. d4 Nbd7
9. Nbd2 Rc8 10. Rc1 c5 11. e3 Ne4 12. Nxe4 dxe4 13. Nd2 f5 14. Qe2 Bf6 15. f3
cxd4 16. Bxd4 e5 17. Bb2 exf3 18. Nxf3 Qc7 19. Rcd1 Nc5 20. Ba3 Rfe8 21. Bxc5
bxc5 22. Nd2 Bxg2 23. Kxg2 g6 24. g4 Qc6+ 25. e4 fxg4 26. Qxg4 Rcd8 27. Nf3 Kg7
28. Rd5 Rxd5 29. cxd5 Qa6 30. Rf2 c4 31. bxc4 Qxc4 32. Nh4 Bxh4 33. Qxh4 Qa6 34.
Qg3 Qd6 35. Qf3 Qe7 36. Qg4 Rb8 37. Qg3 Rb4 38. Qf3 1/2-1/2